| 000 | 00660cam a22002293a 4500 | ||
|---|---|---|---|
| 001 | 19083 | ||
| 003 | PGUSA | ||
| 005 | 20140828083414.0 | ||
| 008 | 060819s2006||||xxu|||||s|||||000 1 eng d | ||
| 040 |
_aPGUSA _beng |
||
| 042 | _adc | ||
| 050 | 4 | _aPZ | |
| 100 | 1 |
_aGoldfrap, John Henry, _d1879-1917 |
|
| 245 | 1 | 4 |
_aThe Border Boys Across the Frontier _h[electronic resource] / _cJohn Henry Goldfrap |
| 260 |
_bProject Gutenberg, _c2006 |
||
| 506 | _aPublic domain in the USA. | ||
| 516 | _aElectronic text | ||
| 653 | _aCowboys -- Juvenile fiction | ||
| 830 | 0 |
_aProject Gutenberg _v19083 |
|
| 856 | 4 | 0 | _uhttp://www.gutenberg.org/ebooks/19083 |
| 942 | _cEB | ||
| 999 |
_c248338 _d248338 |
||